Top Ten Countries With Most Pet Cat Population - Statistics

General Stats
  • This quiz has been taken 322 times
  • The average score is 8 of 10
Answer Stats
Hint Answer % Correct
1 Usa
99%
7 Uk
94%
2 China
92%
10 Germany
92%
5 France
89%
9 Japan
85%
3 Russia
85%
6 Italy
83%
4 Brazil
71%
8 Ukraine
27%
No matching quizzes found
Score Distribution
Percent of People with Each Score
Percentile by Number Answered
Your Score History
You have not taken this quiz